01015nam a22002777a 45000010005000000030006000050050017000110080041000280200018000690400029000870500015001160820011001311000019001422450032001612500046001932600038002393000044002774900023003215050008003445200259003525210021006115210020006326500026006526500023006787000036007015174FISKH20241108130748.0241108b cb ||||| |||| 00| 0 eng d a9780545399340 aFISKHbengcFISKHdFISKH aPZ7.N67185 a813.6  aNoël, Alyson aShimmer /cby Alyson Noël aFirst Scholastic printing, September 2011 aNew York : bScholatic ;c2011 .  a196 pages : billustrations ;c20 cm .  aA Riley Bloom Book aZ  aRiley, dead at age twelve and now a Soul Catcher, works with her teacher Bodhi to help Rebecca, the daughter of a former plantation owner who, furious about being murdered during a 1733 slave revolt, is keeping those who died with her from crossing over.8 a1120 bLexile 8 aR bRaz-Plus  ayoung adult vfiction aafterlifevfiction aKolesva, Juliana eillustrator